Partiti politici italiani - XVI Legislatura - Statistics

Statistiche generali
  • Questo quiz è stato fatto 32 volte
  • Il punteggio medio è 4 su 10
Statistiche sulle risposte
Seggi Camera Seggi Senato Collocazione Partito politico % Corretto
217 118 Centro-sinistra Partito Democratico
100%
60 25 Centro-destra Lega Nord
93%
276 147 Centro-destra / Destra Il Popolo della Libertà
82%
36 3 Centro-destra Unione di Centro
43%
2 4 Centro Südtiroler Volkspartei
39%
29 14 Centro Italia dei Valori
14%
1 1 Centro Movimento Associativo Italiani all'Estero
14%
0 1 Centro Vallée d'Aoste - Autonomie Progrès Fédéralisme
14%
8 2 Centro / Centro-destra Movimento per l'Autonomia
4%
1 0 Centro-sinistra Autonomie Liberté Démocratie
0%
Nessun quiz corrispondente trovato
Distribuzione punteggi
Percentuale di utenti per punteggio
Percentile per numero di risposta
I tuoi punteggi nel tempo
Non hai fatto questo quiz